000 00963nas a2200313 4500
001 BR2011002189
003 BR-BrBNA
005 20231205114549.0
007 ta
008 230509b bl.|||p| |||| 00| 00por d
040 _aBR-BrBNA
_bpor
_cBiblioteca Nacional de Agricultura
041 _a(Pt)
072 _aL74; L70
100 1 _aAlves, E.G.L.
100 1 _aRezende, C.M.F.
100 1 _aOliveira, H.P.
100 1 _aBorges, N.F.
100 1 _aMantovani, P.F.
100 1 _aRosado, I.R.
245 1 _aEmprego experimental da placa de compósito poli-hidroxibutirado/hidroxiapatita na fixação femoral em gatos
650 _aGATO
650 _aFÊMUR
650 _aNEOPLASIA
650 _aRADIOGRAFIA
650 _aCIRURGIA
773 0 _tArquivo Brasileiro de Medicina Veterinária e Zootecnia (Brazil)
_xISSN 0102-0935
_g(Oct 2010), v. 62(5) p. 1128-1134
_wBR2011002189
909 _a202311
_bLúcia
_c55
_dLúcia Elande
942 _2AGRIS
_n0
_cANA
999 _c209348
_d209348